000 00314cam a22001217a 4500
008 180718b1989 xxu||||| |||| 00| 0 eng d
082 _aA98 G346
100 _aGhosh, S.K.
245 _aPolice administrators: reminiscences
_cby S.K. Ghosh
260 _aDelhi
_bAshish
_c1989
300 _a209p.
650 _aBiography
999 _c345116
_d345116